000 00371 a2200157 4500
001 55883
020 _a
040 _cAnchieta - Pituba
100 _aOrnólia e Flavio
240 1 0 _a1ª Biologia, III unidade
_lpor
245 1 0 _a1ª Biologia, III unidade
300 _a8
362 0 _a2017
650 4 _aBIOLOGIA, CIÊNICAS DA VIDA (CIÊNCIAS NATURAIS)
942 _cBK
999 _c55883
_d55883